Comsequences of deforestation for women's time allocation, agricultural production, and nutrition in hill areas of nepal (Record no. 11239)
[ view plain ]
| 000 -LEADER | |
|---|---|
| fixed length control field | 00369nam a22001217a 4500 |
| 040 ## - CATALOGING SOURCE | |
| Transcribing agency | 338 |
| 082 ## - DEWEY DECIMAL CLASSIFICATION NUMBER | |
| Classification number | 338 SHU 1989 C090 |
| 100 ## - MAIN ENTRY--AUTHOR NAME | |
| Personal name | SHUBH K. KUMAR |
| 245 ## - TITLE STATEMENT | |
| Title | Comsequences of deforestation for women's time allocation, agricultural production, and nutrition in hill areas of nepal |
| 260 ## - PUBLICATION, DISTRIBUTION, ETC. (IMPRINT) | |
| Place of publication | Phnom Penh |
| Name of publisher | SHU |
| Year of publication | 1988 |
| 300 ## - PHYSICAL DESCRIPTION | |
| Number of Pages | 72p. |
| Other physical details | ill. |
| Dimensions | 29cm. |
| 942 ## - ADDED ENTRY ELEMENTS (KOHA) | |
| Koha item type | សៀវភៅភាសាអង់គ្លេស |
| 952 ## - LOCATION AND ITEM INFORMATION (KOHA) | |
| Withdrawn status [LOCAL, KOHA] | 0 |
| Permanent Location | Date acquired | Koha item type | Lost status | Shelving location | Barcode | Current Location | Full call number |
|---|---|---|---|---|---|---|---|
| Library Block C | 2017-02-24 | សៀវភៅភាសាអង់គ្លេស | C190 | A05348 | Library Block C | 338 SHU 1989 C190 |